000 00713cam a2200229 4500500
005 20260329004435.0
041 _afre
042 _adc
100 1 0 _aLacroix, Alexandre
_eauthor
245 0 0 _aJonathan Safran Foer : “Rien ne montre que l’écologie soit élitiste”
260 _c2019.
500 _a21
690 _aAlexandre Lacroix
690 _aClimat
690 _aÉlites
690 _aEnvironnement
690 _aJonathan Safran Foer
690 _aVéganisme
690 _aVégétarisme
786 0 _nPhilosophie magazine | 135 | 12 | 2019-12-01 | p. 9-9 | 1951-1787
856 4 1 _uhttps://shs.cairn.info/magazine-philosophie-magazine-2019-12-page-9?lang=fr&redirect-ssocas=7080
999 _c1833854
_d1833854